Statistics for Characters of the TV show "Vikings"

Click here to take the quiz!

General Stats

  • This quiz has been taken 875 times
  • The average score is 11 of 22

Answer Stats

HintCharacter% Correct
Hero of the showRagnar Lothbrok
99%
Their sonBjorn
97%
Hero's brother (and sometimes worst enemy)Rollo
92%
Hero's 3 best friendsFloki
88%
1st wife of the aboveLagertha
88%
Monk captured by the VikingsAthelstan
78%
2nd wife of the heroAslaug
56%
King of WessexKing Ecbert
54%
Jarl of GötalandJarl Borg
52%
King of NorthumbriaKing Aelle
51%
Wife of the aboveSiggy
51%
Eldest son of hero and his second wifeUbbe
46%
King of the VikingsKing Horik
45%
Son of the aboveAethelwulf
35%
Earl of Kattegat in the first seasonEarl Haraldson
35%
Hero's only daughterGyda
30%
Torstein
30%
Princess of MerciaKwenthrith
26%
Girlfriend of n°3Porunn
24%
Arne
21%
Son of the aboveErlendur
16%
N°2 second husbandEarl Sigvard
5%

Score Distribution

Percentile by Number Answered

Percent of People with Each Score

Your Score History

You have not taken this quiz